000 00468nam a22001577a 4500
008 160809b xxu||||| |||| 00| 0 eng d
020 _a0205131506
050 _aHF 5415.S357 1991
100 _aSchoell,Willim F.
_d1992
245 _aMarketing:
_bcontemporary concepts and practises.
250 _a5th ed
260 _aBoston:
_bAllyn & bacon.
_c1992.
300 _a781p.
700 _aGuiltinan,Joseph P.
942 _2lcc
_cBOOKS
_hHF 5415.S357 1991
999 _c13044
_d13044